Potter Profession Pictorial Pick-Em Quiz Stats

 Plays Quiz Updated Jul 16, 2019

Score 0/17 Timer 05:00
9 Plays Today
Question Answer Wrong Answers
Care of Magical Creatures
97.6%
Defense Against the Dark Arts
0.9%
Ancient Runes
0.4%
Umbrellic Pyrology
1%
Flying
97.2%
Apparition
1%
Portkeying
0.2%
Crashing
0.1%
Herbology
97.2%
Ancient Runes
0.3%
Astronomy
0.2%
Giant Peaching
0.2%
Headmaster
96.8%
Caretaker
0.2%
Groundskeeper
0.2%
Goblet Yeller
0.2%
Potions
95.1%
Transfiguration
2%
Ancient Runes
0.3%
Cog Greasing
0.1%
Defense Against the Dark Arts
94.9%
Ancient Runes
0.9%
Necromancy
1%
Public Relations
1.1%
Transfiguration
93.9%
Potions
1.7%
Muggle Studies
1%
Dowagering
0.8%
Defense Against the Dark Arts
93.5%
Potions
2.9%
Muggle Studies
0.7%
Ferret Raising
0.6%
Defense Against the Dark Arts
93%
Care of Magical Creatures
0.9%
History of Magic
3.3%
Chocolateering
0.3%
High Inquisitor
92.4%
Matron
3.9%
Caretaker
1.6%
Toad Impersonator
0.8%
Divination
92.1%
Flying
0.3%
Charms
2.7%
Tea-totaling
2.4%
Defense Against the Dark Arts
91.8%
Arithmancy
3.9%
Astronomy
1.3%
Craniopagus Parasiticology
2.1%
Potions
90.1%
Divination
3.8%
Herbology
4.2%
Upholstering
1.5%
Charms
88.4%
Divination
3.4%
Arithmancy
2.5%
Frog vocals
4.6%
Caretaker
83.3%
Headmaster
0.5%
Groundskeeper
14%
Map Maker
0.2%
Matron
78.8%
Headmistress
2.8%
Career Counselor
0.9%
Orthopedic Surgeon
15.9%
Muggle Studies
78.8%
Potions
3.8%
History of Magic
13.6%
Snake Charming
1.6%

You're not logged in!

Compare scores with friends on all Sporcle quizzes.
OR
Log In

Sporcle TV

Today on Sporcle TV


Watch our educational content, quiz creation guides, and fun videos on Sporcle TV.

Show Comments

Extras

Top Quizzes Today


Score Distribution

Your Account Isn't Verified!

In order to create a playlist on Sporcle, you need to verify the email address you used during registration. Go to your Sporcle Settings to finish the process.

Report this User

Report this user for behavior that violates our Community Guidelines.

Details: